[Event "Paracin-ch"]
[Site "Paracin"]
[Date "2016.01.23"]
[Round "6"]
[White "Radosavljevic, Nenad"]
[Black "Ristic, Dejan D"]
[Result "1-0"]
[WhiteElo "1954"]
[BlackElo "1808"]
[PlyCount "100"]
[EventDate "2016.01.19"]
[EventType "swiss"]
[EventRounds "9"]
[EventCountry "SRB"]
[SourceTitle "CBM 170 Extra"]
[Source "ChessBase"]
[SourceDate "2016.02.25"]
[SourceVersion "1"]
[SourceVersionDate "2016.02.25"]
[SourceQuality "1"]

1. d4 Nf6 2. c4 g6 3. Nf3 d5 4. e3 Bg7 5. Nc3 c6 6. Qb3 0-0 7. Bd2 b6 8. Rc1 Be6 9. Ne5 Nfd7 10. cxd5 Bxd5 11. Nxd5 Nxe5 12. Nb4 a5 13. Nd3 Nxd3+ 14. Bxd3 b5 15. Be4 Qd6 16. 0-0 e5 17. Bc3 exd4 18. Bxd4 Bxd4 19. Rfd1 Qb4 20. Rxd4 Qxb3 21. axb3 Rc8 22. Kf1 Ra6 23. Bf3 Kf8 24. Bg4 f5 25. Bf3 Ke7 26. e4 f4 27. g3 fxg3 28. hxg3 Rd8 29. Rxd8 Kxd8 30. e5 Ke7 31. Be4 a4 32. bxa4 bxa4 33. Kg2 Rb6 34. Rc2 Kd7 35. Kh3 Na6 36. f4 c5 37. Kg4 Ke7 38. Kg5 Rb3 39. g4 Nb4 40. Rxc5 Rxb2 41. Ra5 Ra2 42. Ra7+ Kd8 43. Rxh7 Re2 44. Bxg6 a3 45. Ra7 a2 46. Bf7 Rf2 47. f5 Kc8 48. Kf6 Rf4 49. g5 Rf2 50. g6 Kb8 1-0

[Event "SRB Central-ch op"]
[Site "Vrnjacka Banja"]
[Date "2014.03.19"]
[Round "4"]
[White "Zivkovic, Nemanja"]
[Black "Ristic, Dejan D"]
[Result "1-0"]
[WhiteElo "2290"]
[BlackElo "1770"]
[PlyCount "127"]
[EventDate "2014.03.17"]
[EventType "swiss"]
[EventRounds "9"]
[EventCountry "SRB"]
[SourceTitle "CBM 159 Extra"]
[Source "ChessBase"]
[SourceDate "2014.04.24"]
[SourceVersion "1"]
[SourceVersionDate "2014.04.24"]
[SourceQuality "1"]

1. e4 c5 2. Nf3 Nc6 3. Bb5 d6 4. 0-0 Bg4 5. Bxc6+ bxc6 6. h3 Bh5 7. Re1 e5 8. d3 Qf6 9. Nbd2 Qe6 10. Nf1 f6 11. Ng3 Bg6 12. c3 Ne7 13. d4 cxd4 14. cxd4 Nc8 15. b3 Be7 16. Ba3 Nb6 17. Rc1 Rc8 18. Nh4 0-0 19. Nhf5 Rfe8 20. Qg4 Bf8 21. Red1 exd4 22. Rxd4 c5 23. Rdd1 Nd7 24. Qf4 Ne5 25. f3 Red8 26. Ne3 Bf7 27. Nd5 c4 28. Qd2 cxb3 29. axb3 Rxc1 30. Rxc1 Rc8 31. Nf5 Rxc1+ 32. Qxc1 Qd7 33. Nh6+ Kh8 34. Nxf7+ Qxf7 35. Qc8 Qg8 36. Qa8 h6 37. Qxa7 f5 38. Qb8 fxe4 39. fxe4 Nd7 40. Qe8 Nf6 41. Nxf6 gxf6 42. Bb2 Kg7 43. Qd7+ Qf7 44. Qxf7+ Kxf7 45. Kf2 Ke6 46. Kf3 f5 47. exf5+ Kxf5 48. g4+ Ke6 49. Ke4 d5+ 50. Kd3 Bc5 51. Bg7 h5 52. gxh5 Kf7 53. Bc3 Kg8 54. b4 Bb6 55. Bd4 Bc7 56. b5 Kh7 57. Be3 Bb8 58. b6 Kg8 59. b7 Be5 60. Ba7 Kh7 61. b8Q Bxb8 62. Bxb8 Kh6 63. Bg3 Kxh5 64. Kd4 1-0

[Event "SRB Central-ch op"]
[Site "Vrnjacka Banja"]
[Date "2014.03.18"]
[Round "2"]
[White "Radosavljevic, Slobodan D"]
[Black "Ristic, Dejan D"]
[Result "1/2-1/2"]
[WhiteElo "2227"]
[BlackElo "1770"]
[PlyCount "34"]
[EventDate "2014.03.17"]
[EventType "swiss"]
[EventRounds "9"]
[EventCountry "SRB"]
[SourceTitle "CBM 159 Extra"]
[Source "ChessBase"]
[SourceDate "2014.04.24"]
[SourceVersion "1"]
[SourceVersionDate "2014.04.24"]
[SourceQuality "1"]

1. Nf3 Nf6 2. g3 g6 3. Bg2 d5 4. c4 c6 5. 0-0 Bg7 6. cxd5 Nxd5 7. d4 0-0 8. Nc3 Nb6 9. h3 Be6 10. e4 Na6 11. Re1 Qc8 12. Ng5 Bd7 13. Kh2 h6 14. Nf3 Rd8 15. a4 Be8 16. a5 Nd7 17. Bf4 e5 1/2-1/2

[Event "SRB Central-ch op"]
[Site "Vrnjacka Banja"]
[Date "2014.03.18"]
[Round "3"]
[White "Ristic, Dejan D"]
[Black "Stanojevic, Branko"]
[Result "1/2-1/2"]
[WhiteElo "1770"]
[BlackElo "2271"]
[PlyCount "95"]
[EventDate "2014.03.17"]
[EventType "swiss"]
[EventRounds "9"]
[EventCountry "SRB"]
[SourceTitle "CBM 159 Extra"]
[Source "ChessBase"]
[SourceDate "2014.04.24"]
[SourceVersion "1"]
[SourceVersionDate "2014.04.24"]
[SourceQuality "1"]

1. c4 Nf6 2. Nf3 g6 3. Nc3 Bg7 4. g3 0-0 5. Bg2 d6 6. d4 c6 7. 0-0 Qa5 8. e4 e5 9. d5 cxd5 10. cxd5 Bd7 11. h3 b5 12. Nd2 b4 13. Nb3 Qc7 14. Ne2 a5 15. Bd2 a4 16. Rc1 Qb7 17. Na1 Na6 18. Nc2 b3 19. axb3 axb3 20. Na3 Nc5 21. Rc4 Ra4 22. Nc3 Rxc4 23. Nxc4 Qa6 24. Na3 Rb8 25. Be3 Na4 26. Qd2 Ne8 27. Rc1 Nxc3 28. Qxc3 Qa4 29. Qc4 Rb4 30. Qe2 f5 31. f3 Nf6 32. Bd2 Rd4 33. Bc3 fxe4 34. Bxd4 Qxd4+ 35. Kh2 exf3 36. Bxf3 e4 37. Bg2 Nh5 38. Rc3 Be5 39. Rxb3 e3 40. Rxe3 Nxg3 41. Rxg3 h5 42. Qc4 h4 43. Qxd4 hxg3+ 44. Kh1 Bxd4 45. Nc4 Bc5 46. Nd2 Bf5 47. Ne4 Bxe4 48. Bxe4 1/2-1/2

[Event "SRB Central-ch op-B 6th"]
[Site "Paracin"]
[Date "2013.07.11"]
[Round "8"]
[White "Ristic, Dejan D"]
[Black "Antic, Nenad"]
[Result "0-1"]
[WhiteElo "1823"]
[BlackElo "2022"]
[PlyCount "94"]
[EventDate "2013.07.05"]
[EventType "swiss"]
[EventRounds "9"]
[EventCountry "SRB"]
[SourceTitle "CBM 155 Extra"]
[Source "ChessBase"]
[SourceDate "2013.08.26"]
[SourceVersion "1"]
[SourceVersionDate "2013.08.26"]
[SourceQuality "1"]

1. c4 e6 2. g3 Nf6 3. d4 d5 4. cxd5 exd5 5. Bg5 Bb4+ 6. Nc3 h6 7. Bxf6 Qxf6 8. Bh3 0-0 9. Bxc8 Rxc8 10. Nf3 c5 11. 0-0 Bxc3 12. bxc3 Nd7 13. Qb3 Qc6 14. c4 dxc4 15. Qxc4 b5 16. d5 Qb7 17. Rab1 Rab8 18. Qg4 Nf6 19. Qh3 Nxd5 20. g4 Nf4 21. Qh4 Nxe2+ 22. Kg2 Nd4 23. Qg3 a5 24. Rfe1 Re8 25. Re3 Rxe3 26. fxe3 Nxf3 27. Qxf3 c4 28. Qxb7 Rxb7 29. Kf3 b4 30. Ke4 b3 31. Kd4 bxa2 32. Ra1 Rb2 33. Kxc4 a4 34. h4 a3 35. g5 hxg5 36. hxg5 Kh7 37. Kd4 Kg6 38. Ke4 Kxg5 39. Rg1+ Kf6 40. Rf1+ Ke6 41. Ra1 g5 42. Kf3 Ke5 43. Kg4 f6 44. Kf3 f5 45. e4 g4+ 46. Ke3 f4+ 47. Kd3 g3 0-1

[Event "SRB Central-ch op-B 5th"]
[Site "Paracin"]
[Date "2012.07.12"]
[Round "8"]
[White "Matsenko, Elena"]
[Black "Ristic, Dejan D"]
[Result "1-0"]
[WhiteElo "1996"]
[BlackElo "1844"]
[PlyCount "64"]
[EventDate "2012.07.06"]
[EventType "swiss"]
[EventRounds "9"]
[EventCountry "SRB"]
[SourceTitle "CBM 149 Extra"]
[Source "ChessBase"]
[SourceDate "2012.08.24"]
[SourceVersion "1"]
[SourceVersionDate "2012.08.24"]
[SourceQuality "1"]

1. e4 d5 2. exd5 Qxd5 3. Nc3 Qd6 4. d4 Nf6 5. Bc4 c6 6. Bb3 Bg4 7. f3 Bh5 8. Nge2 e6 9. Bf4 Qd8 10. 0-0 Be7 11. Bg3 Bg6 12. Bf2 0-0 13. Nf4 Bd6 14. Nxg6 hxg6 15. Qe2 Qc7 16. g3 Kh7 17. Ne4 Nxe4 18. fxe4 e5 19. c3 Nd7 20. Kg2 Nf6 21. Qf3 Rh8 22. Rfe1 Kg8 23. Rh1 Qd7 24. Rae1 Re8 25. dxe5 Bxe5 26. Bxa7 Nh5 27. Bf2 Qc7 28. Rd1 Re7 29. Rd4 Kh7 30. Rdd1 b6 31. Qg4 Ree8 32. Rd7 f5 1-0